Kỹ thuật chọn giống, chăm sóc và phòng bệnh cho cây chuối
Hướng dẫn kĩ thuật trồng, chăm sóc và phòng trừ bệnh cho cây chuối nói chung và một số giống chuối cụ thể nói riêng. Trình bày lợi ích của chuối đối với sức khoẻ con người
Αποθηκεύτηκε σε:
| Μορφή: | Βιβλίο |
|---|---|
| Γλώσσα: | Undetermined |
| Έκδοση: |
Hà Nội
Hồng Đức
2016
|
| Θέματα: | |
| Ετικέτες: |
Προσθήκη ετικέτας
Δεν υπάρχουν, Καταχωρήστε ετικέτα πρώτοι!
|
| Thư viện lưu trữ: | Trung tâm Học liệu Trường Đại học Cần Thơ |
|---|
| LEADER | 00850nam a2200193Ia 4500 | ||
|---|---|---|---|
| 001 | CTU_207339 | ||
| 008 | 210402s9999 xx 000 0 und d | ||
| 020 | |c 35000 | ||
| 082 | |a 634.772 | ||
| 082 | |b K600 | ||
| 245 | 0 | |a Kỹ thuật chọn giống, chăm sóc và phòng bệnh cho cây chuối | |
| 245 | 0 | |c Dương Phong (Tuyển chọn) | |
| 260 | |a Hà Nội | ||
| 260 | |b Hồng Đức | ||
| 260 | |c 2016 | ||
| 520 | |a Hướng dẫn kĩ thuật trồng, chăm sóc và phòng trừ bệnh cho cây chuối nói chung và một số giống chuối cụ thể nói riêng. Trình bày lợi ích của chuối đối với sức khoẻ con người | ||
| 650 | |a Cây chuối,Bananas | ||
| 904 | |i Hải | ||
| 980 | |a Trung tâm Học liệu Trường Đại học Cần Thơ | ||